Flaggen-Tic Tac Toe (EU) - Statistiken

Allgemein
  • Dieses Quiz wurde 247 mal gespielt
  • Das Durchschnittsergebnis liegt bei 7 aus 9
Antwortstatistiken
Farben Länder % Korrekt
blau/rot LU, FR, NL, HR, SK, SI, CZ, RO
87%
grün/rot BG, IT, LT, PT, HU
86%
schwarz/rot BE, DE
86%
blau/weiß LU, EE, FI, FR, GR, HR, NL, SK, SI, CZ
86%
grün/weiß BG, IE, IT, HU
83%
schwarz/gelb BE, DE
83%
blau/gelb SE, RO
71%
schwarz/weiß EE
58%
grün/gelb LT
52%
Keine übereinstimmenden Quizze gefunden
Verteilung der Resultate
Anzahl Personen mit jedem Resultat
Perzentil nach korrekt beantworteten Fragen
Ihre Resultats-Entwicklung
Sie haben dieses Quiz noch nicht gespielt